Responsabilidad bancaria / (Registro nro. 172901)
[ vista simple ]
| 000 -LEADER | |
|---|---|
| fixed length control field | 01180cam a2200361 i 4500 |
| 001 - CONTROL NUMBER | |
| control field | 22703563 |
| 006 - FIXED-LENGTH DATA ELEMENTS--ADDITIONAL MATERIAL CHARACTERISTICS--GENERAL INFORMATION | |
| fixed length control field | m o d |
| 007 - PHYSICAL DESCRIPTION FIXED FIELD--GENERAL INFORMATION | |
| fixed length control field | cr un ---uuuua |
| 008 - FIXED-LENGTH DATA ELEMENTS--GENERAL INFORMATION | |
| fixed length control field | 220720s2022 ck ob 001 0 spa d |
| 010 ## - LIBRARY OF CONGRESS CONTROL NUMBER | |
| LC control number | 2022430282 |
| 020 ## - INTERNATIONAL STANDARD BOOK NUMBER | |
| International Standard Book Number | 9789587915655 |
| 035 ## - | |
| -- | 38592 |
| 040 ## - CATALOGING SOURCE | |
| Original cataloging agency | UtOrBLW |
| Language of cataloging | eng |
| Description conventions | rda |
| Transcribing agency | UtOrBLW |
| 042 ## - | |
| -- | pcc |
| 043 ## - | |
| -- | s-ck--- |
| 050 00 - | |
| -- | KHC5616 |
| -- | .U88 2022 |
| 082 04 - | |
| -- | 345.8610268 |
| -- | 23 |
| 100 1# - MAIN ENTRY--PERSONAL NAME | |
| Personal name | Ustariz Gonzalez, Luis Humberto, |
| Relator term | author. |
| 245 10 - TITLE STATEMENT | |
| Title | Responsabilidad bancaria / |
| Statement of responsibility, etc | Luis Humberto Ustariz Gonzalez. |
| 250 ## - | |
| -- | Tercera Edicion. |
| 264 #1 - | |
| -- | [Bogota, D.C., Colombia] : |
| -- | Grupo Editorial Ibanez, |
| -- | 2022. |
| 300 ## - PHYSICAL DESCRIPTION | |
| Extent | 1 online resource (414 pages) |
| 336 ## - | |
| -- | text |
| -- | txt |
| -- | rdacontent |
| 337 ## - | |
| -- | computer |
| -- | c |
| -- | rdamedia |
| 338 ## - | |
| -- | online resource |
| -- | cr |
| -- | rdacarrier |
| 504 ## - BIBLIOGRAPHY, ETC. NOTE | |
| Bibliography, etc | Includes bibliographical references (pages 387-399) and index. |
| 650 #0 - SUBJECT ADDED ENTRY--TOPICAL TERM | |
| Topical term or geographic name as entry element | Bank fraud |
| General subdivision | Law and legislation |
| Geographic subdivision | Colombia. |
| 650 #0 - SUBJECT ADDED ENTRY--TOPICAL TERM | |
| Topical term or geographic name as entry element | Banking law |
| Geographic subdivision | Colombia |
| General subdivision | Criminal provisions. |
| 650 #0 - SUBJECT ADDED ENTRY--TOPICAL TERM | |
| Topical term or geographic name as entry element | Bank and banking |
| Geographic subdivision | Colombia. |
| 856 40 - LOCALIZACIÓN Y ACCESO ELECTRÓNICO | |
| Identificador Uniforme del Recurso (URI/URL) | https://app.vlex.com/#/sources/38592 |
| 942 ## - | |
| -- | RAA |
| 999 ## - | |
| -- | 172901 |
| -- | 172901 |
No hay ítems disponibles.